Southville International School and Colleges
Your cart is empty.
  • Cart
  • Lists
    Public lists Eva Luna New books Lux_list list_1
    Your lists Log in to create your own lists
  • Log in to your account
  • Your cookies
  • Search history
Southville International School and Colleges
  • Advanced search
  • Recent comments
  • Most popular
  • Libraries

Log in to your account

Log in with GOOGLE


If you do not have an external account, but do have a local account, you can still log in:

  1. Home
  2. MARC view: Headbands for quick and easy play activities /
Normal view MARC view ISBD view

Headbands for quick and easy play activities / (Record no. 112719)

[ view plain ]
MARC details
000 -LEADER
fixed length control field 00769nam a2200181 a 4500
001 - CONTROL NUMBER
control field 1189
005 - DATE AND TIME OF LATEST TRANSACTION
control field 20140414131948.0
008 - FIXED-LENGTH DATA ELEMENTS--GENERAL INFORMATION
fixed length control field 041105s19uu xx 00 eng d
020 ## - INTERNATIONAL STANDARD BOOK NUMBER
International Standard Book Number 1-55799-039-5
050 ## - LIBRARY OF CONGRESS CALL NUMBER
Classification number TR 372.2
Item number E1 1986
100 ## - MAIN ENTRY--PERSONAL NAME
Personal name Evans, Joy
245 ## - TITLE STATEMENT
Title Headbands for quick and easy play activities /
Statement of responsibility, etc Joy Evans and Jo Ellen Moore.
260 ## - PUBLICATION, DISTRIBUTION, ETC. (IMPRINT)
Place of publication, distribution, etc U.S.A. :
Name of publisher, distributor, etc Evan-Moor,
Date of publication, distribution, etc 1986.
300 ## - PHYSICAL DESCRIPTION
Extent 32 p. : ill. ; cm.
500 ## - GENERAL NOTE
General note Contents: Henny Penny--The Three Little Kittens--The City and the Country Mouse--The Gingerbread Man--The Three Little Pigs--The Lion and the Mouse--Caps for Sale--The Three Billy Goats Gruff--The Little Red Hen--Goldilocks and the Three Bears.
650 ## - SUBJECT ADDED ENTRY--TOPICAL TERM
Topical term or geographic name as entry element Activities (reproducibles)
General subdivision Juvenile literature.
Holdings
Withdrawn status Lost status Damaged status Use restrictions Home library Current library Shelving location Date acquired Source of acquisition Total Checkouts Full call number Barcode Date last seen Price effective from Koha item type
        Munich Library Munich Library Teachers Reference Section 11/05/2004     TR 372.2 E1 1986 M4101 04/14/2014 04/14/2014 Books

Headbands for quick and easy play activities /

APA

Evans J., . (1986). Headbands for quick and easy play activities. U.S.A: Evan-Moor.

Chicago

Evans Joy, . 1986. Headbands for quick and easy play activities. U.S.A: Evan-Moor.

Harvard

Evans J., . (1986). Headbands for quick and easy play activities. U.S.A: Evan-Moor.

MLA

Evans Joy, . Headbands for quick and easy play activities. U.S.A: Evan-Moor. 1986.

  • Place hold
  • Print
  • Cite
  • Add to your cart (remove)
  • Save record
    BIBTEX Dublin Core MARCXML MARC (non-Unicode/MARC-8) MARC (Unicode/UTF-8) MARC (Unicode/UTF-8, Standard) MODS (XML) RIS
  • More searches
    Search for this title in:
    Other Libraries (WorldCat) Other Databases (Google Scholar) Online Stores (Bookfinder.com) Open Library (openlibrary.org)

Exporting to Dublin Core...

SOUTHVILLE LIBRARY

Southville International School and Colleges Library

1281 Tropical Ave. Cor. Luxembourg St., BF Homes International, Las Pinas City

Tel. No. 8256374 / 252358 Loc. 117/146

Powered by Koha